Open Science und Open Data in der Kriminologie - Tagungsbericht zum ersten internationalen Workshop zu transparenten Forschungspraktiken in der Kriminologie an der Universität zu Köln
Im September 2024 fand an der Universität zu Köln der erste europäische und Präsenz-Workshop im Format einer Mini-Konferenz zum Thema „Open Science“ (OS) und „Open Data“ in der europäischen Kriminologie statt.
| VerfasserInnen: | ; |
|---|---|
| Medienart: | Elektronisch Aufsatz |
| Sprache: | Englisch |
| Veröffentlicht: |
2024
|
| In: |
Kriminologie - das Online-Journal
Jahr: 2024, Band: 6, Heft: 4, Seiten: [281]-289 |
| Online-Zugang: |
Volltext (Verlag) Volltext (kostenfrei) |
| Rechteinformation: | CC BY 4.0 |
| Verfügbarkeit prüfen: | HBZ Gateway |
MARC
| LEADER | 00000caa a2200000 c 4500 | ||
|---|---|---|---|
| 001 | 1913373312 | ||
| 003 | DE-627 | ||
| 005 | 20260316140506.0 | ||
| 007 | cr uuu---uuuuu | ||
| 008 | 250102s2024 xx |||||o 00| ||eng c | ||
| 024 | 7 | |a 10.18716/ojs/krimoj/2024.4.7 |2 doi | |
| 035 | |a (DE-627)1913373312 | ||
| 035 | |a (DE-599)KXP1913373312 | ||
| 040 | |a DE-627 |b ger |c DE-627 |e rda | ||
| 041 | |a eng | ||
| 084 | |a 2,1 |2 ssgn | ||
| 100 | 1 | |a Nägel, Christof |d 1992- |e VerfasserIn |0 (DE-588)1331075343 |0 (DE-627)1890300470 |4 aut | |
| 109 | |a Nägel, Christof 1992- | ||
| 245 | 1 | 0 | |a Open Science und Open Data in der Kriminologie - Tagungsbericht zum ersten internationalen Workshop zu transparenten Forschungspraktiken in der Kriminologie an der Universität zu Köln |c Christof Nägel, Alexander Trinidad |
| 264 | 1 | |c 2024 | |
| 336 | |a Text |b txt |2 rdacontent | ||
| 337 | |a Computermedien |b c |2 rdamedia | ||
| 338 | |a Online-Ressource |b cr |2 rdacarrier | ||
| 500 | |a Veröffentlicht am 19.12.2024 | ||
| 500 | |a Literaturverzeichnis: Seite 287-288 | ||
| 520 | |a Im September 2024 fand an der Universität zu Köln der erste europäische und Präsenz-Workshop im Format einer Mini-Konferenz zum Thema „Open Science“ (OS) und „Open Data“ in der europäischen Kriminologie statt. | ||
| 540 | |q DE-2619 |a Namensnennung 4.0 International |f CC BY 4.0 |2 cc |u http://creativecommons.org/licenses/by/4.0/ | ||
| 700 | 1 | |a Trinidad, Alexander |e VerfasserIn |0 (DE-588)1393096778 |0 (DE-627)1965321453 |4 aut | |
| 773 | 0 | 8 | |i Enthalten in |t Kriminologie - das Online-Journal |d Köln : Universitätz zu Köln, Institut für Kriminologie, 2019 |g 6(2024), 4, Seite [281]-289 |h Online-Ressource |w (DE-627)1677979240 |w (DE-600)2985724-7 |x 2698-6779 |7 nnas |
| 773 | 1 | 8 | |g volume:6 |g year:2024 |g number:4 |g pages:[281]-289 |
| 856 | 4 | 0 | |u https://doi.org/10.18716/ojs/krimoj/2024.4.7 |x Resolving-System |z kostenfrei |3 Volltext |7 0 |
| 856 | 4 | 0 | |u https://www.kriminologie.de/index.php/krimoj/article/view/366/219 |x Verlag |7 1 |
| 951 | |a AR | ||
| ELC | |a 1 | ||
| LOK | |0 000 xxxxxcx a22 zn 4500 | ||
| LOK | |0 001 4644454125 | ||
| LOK | |0 003 DE-627 | ||
| LOK | |0 004 1913373312 | ||
| LOK | |0 005 20250102115821 | ||
| LOK | |0 008 250102||||||||||||||||ger||||||| | ||
| LOK | |0 040 |a DE-2619 |c DE-627 |d DE-2619 | ||
| LOK | |0 092 |o n | ||
| LOK | |0 852 |a DE-2619 | ||
| LOK | |0 852 1 |9 00 | ||
| LOK | |0 939 |a 2025-01-02 |b l01 | ||
| OAS | |a 1 | ||
| ORI | |a WA-MARC-krimdoka001.raw | ||
